| 000 | 01033cam a2200313 i 4500 | ||
|---|---|---|---|
| 001 | 17935178 | ||
| 003 | SISC | ||
| 005 | 20240124130924.0 | ||
| 008 | 131108s2015 nyua b 001 0 eng | ||
| 010 | _a 2013042410 | ||
| 020 | _a9780077862534 (pbk. : alk. paper) | ||
| 020 | _a0077862538 (pbk. : alk. paper) | ||
| 040 |
_aDLC _beng _cDLC _erda |
||
| 042 | _apcc | ||
| 050 | 0 | 0 |
_aHD 31 _b.J597 2015 |
| 082 | 0 | 0 | _a658 |
| 100 | 1 | _aJones, Gareth R. | |
| 245 | 1 | 0 |
_aEssentials of contemporary management / _cGareth R. Jones, Jennifer M. George, Rice University. |
| 246 | 3 | 0 | _aContemporary management. |
| 250 | _a6th edition. | ||
| 260 |
_aNew York : _bMcGraw-Hill, _c2015. |
||
| 300 |
_axxxix, 545 pages : _billustrations ; _c26 cm. |
||
| 500 | _aIncludes bibliographical references and index. | ||
| 650 | 0 | _aManagement. | |
| 700 | 1 | _aGeorge, Jennifer M. | |
| 906 |
_a7 _bcbc _corignew _d1 _eecip _f20 _gy-gencatlg |
||
| 942 |
_2lcc _cBK _kFOR |
||
| 999 |
_c289008 _d289008 |
||